00280nam a2200121Ia 4500100002200000650001400022490000600036245005100042260001900093082001500112300000800127546002300135 aBeatty/Millard F  aMechanics v1 aPrinciples of Engineering Mechanics-Kinematics bSpringerc1985 a620.1bBEA a396 aENGLISHcInfo.Tech